00381nam a22001457a 450000500170000000800410001702200130005804100130007108200130008410000130009724500270011026000470013730000250018465000260020920240322065910.0240322b |||||||| |||| 00| 0 eng d a0258249X aEnglish  a349 IND  lEnglish  aIndustrial Law Journal aCape Town : bJuta and Company Ltd, c1999 b285 pages ; c25 cm. aLegal practice bLaw